Cuba, hablo contigo / (Record no. 14731)

MARC details
000 -LEADER
campo de control de longitud fija 00891nam a2200277 i 4500
001 - NÚMERO DE CONTROL
campo de control 14731
003 - IDENTIFICADOR DE NÚMERO DE CONTROL
campo de control ES-MaACL
005 - FECHA Y HORA DE LA ÚLTIMA TRANSACCIÓN
campo de control 20250808010058.0
007 - CAMPO FIJO DE DESCRIPCIÓN FÍSICA--INFORMACIÓN GENERAL
campo de control de longitud fija t|
008 - DATOS DE LONGITUD FIJA--INFORMACIÓN GENERAL
campo de control de longitud fija 921127s1990 sp ||||0| spa d
020 ## - NÚMERO INTERNACIONAL ESTÁNDAR DEL LIBRO
Número Internacional Estándar del Libro 84-404-7923-9
080 ## - NÚMERO DE LA CLASIFICACIÓN DECIMAL UNIVERSAL
Número de la Clasificación Decimal Universal 917.291
100 1# - ENTRADA PRINCIPAL--NOMBRE DE PERSONA
Nombre de persona Castañón, José Manuel.
9 (RLIN) 36444
245 10 - MENCIÓN DEL TÍTULO
Título Cuba, hablo contigo /
Mención de responsabilidad, etc. José Manuel Castañón ; prólogo Cintio Vitier.
250 ## - MENCION DE EDICION
Mención de edición 2ª ed.
260 ## - PUBLICACIÓN, DISTRIBUCIÓN, ETC.
Lugar de publicación, distribución, etc. [Oviedo] :
Nombre del editor, distribuidor, etc. Fundación Dolores Medio,
Fecha de publicación, distribución, etc. 1990.
300 ## - DESCRIPCIÓN FÍSICA
Extensión 247 p. ;
Dimensiones 20 cm.
490 1# - MENCIÓN DE SERIE
Mención de serie Obras de la Fundación Dolores Medio ;
Designación de volumen o secuencia 37
651 #4 - PUNTO DE ACCESO ADICIONAL DE MATERIA--NOMBRE GEOGRÁFICO
Nombre geográfico Cuba-
Subdivisión general Descripción.
9 (RLIN) 8092
651 #4 - PUNTO DE ACCESO ADICIONAL DE MATERIA--NOMBRE GEOGRÁFICO
Nombre geográfico Cuba-
Subdivisión general Situación social-
Subdivisión cronológica 1945-1989.
9 (RLIN) 172963
700 1# - ENTRADA AGREGADA--NOMBRE PERSONAL
Nombre de persona Vitier, Cintio.
9 (RLIN) 115513
710 2# - ENTRADA AGREGADA--NOMBRE DE ENTIDAD CORPORATIVA
Nombre de entidad corporativa o nombre de jurisdicción como elemento de entrada Fundación Dolores Medio.
9 (RLIN) 4278
830 10 - PUNTO DE ACCESO ADICIONAL DE SERIE-TÍTULO UNIFORME
Título uniforme Obras de la Fundación Dolores Medio
Designación de volumen o secuencia 37
9 (RLIN) 186680
852 ## - LOCALIZACIÓN
Ubicación ES-MaACL
Número de control de estantería L-22009
Holdings
Estatus retirado Estado de pérdida Estado de daño No para préstamo Biblioteca de origen Biblioteca actual Ubicación en estantería Fecha de adquisición Fuente de adquisición Total de préstamos Signatura topográfica completa Código de barras Visto por última vez Precio de reemplazo Tipo de ítem Koha
        Biblioteca del Ateneo de Madrid Biblioteca del Ateneo de Madrid Depósito 2 17/01/2008     L-22009 1014980 23/02/2023 23/02/2023 Libro impreso